• 首页
  • 本馆介绍
  • 公告通知
  • 最新文献
  • 馆藏检索
  • 电子资源
  • 读者导购
  • 参考咨询
  • 我的图书馆
  • 登录
  • 详细信息显示
  • 放入我的书架
  • 预约/预借图书
  • 作者相关作品
  • 分类相关作品
  • 丛书相关作品
  • 出版社相关作品

书目信息

  • 表格格式
  • 工作单格式
  • 卡片格式
题名:
执政党执政安全多维探究
    
 
作者: 徐晨光 著
分册:  
出版信息: 长沙   湖南师范大学出版社  2004
页数: 252页
开本: 23cm
丛书名:
单 册:
中图分类: D25
科图分类:
主题词: 执政
电子资源:
ISBN: 7-81081-494-X
000 01159nam0 2200325 450
000 01122nam0 2200313 450
000 01120nam0 2200325 450
000 01066nam0 2200301 450
000 01084nam0 2200289 450
000 01047nam0 2200277 45
001 TS-175272
005 20061213091015.84
010    @a7-81081-494-X@dCNY28.00
100    @a20060829d2004 em y0chiy0110 ea
101 0  @achi
102    @aCN@b430000
105    @ay z 000yy
200 1  @a执政党执政安全多维探究@AZhi Zheng Dang Zhi Zheng An Quan Duo Wei Tan Jiu@f徐晨光著@FXu Chen Guang Zhu
210    @a长沙@c湖南师范大学出版社@d2004
215    @a252页@d23cm
330    @a本书共分九章,内容包括:绪论、维护执政安全的首要任务、维护执政安全的中心环节、维护执政安全的有力举措、强化执政理念、坚持依法执政、加强党的执政能力建设等。
601 02 @a中国共产党
601 02 @a中国共产党@x执政@x研究
606 0  @a执政
690    @aD25@v4
701  0 @a徐晨光@AXu Chen Guang@f(1956.2~)@4著
801  0 @aCN@b中图数据@c20061213
905    @a10447@dD25@e169
    
    执政党执政安全多维探究/徐晨光著.-长沙:湖南师范大学出版社,2004
    252页;23cm
    
    
    ISBN 7-81081-494-X:CNY28.00
    本书共分九章,内容包括:绪论、维护执政安全的首要任务、维护执政安全的中心环节、维护执政安全的有力举措、强化执政理念、坚持依法执政、加强党的执政能力建设等。
●
相关链接 在E读中查询图书 在五车中查询图书 在当当中查询图书 在豆瓣中查询图书


正题名:执政党执政安全多维探究     索取号:D25/169         预约/预借

序号 登录号 条形码 馆藏地/架位号 状态 备注
1 0605291   206052910   第一样本阅览室/ [索取号:D25/169] 在馆    
2 0605292   206052929   第一借阅区/ [索取号:D25/169] 在馆    
3 0605293   206052938   第一借阅区/ [索取号:D25/169] 在馆    
4 0605294   206052947   第一借阅区/ [索取号:D25/169] 在馆    
5 0605295   206052956   第一借阅区/ [索取号:D25/169] 在馆    
唐山师范学院图书馆 欢迎您!
大连网信软件有限公司© 版权所有